Cities of Pinal County, AZ - with a map - Statistics

General Stats
  • This quiz has been taken 11 times
  • The average score is 15 of 44
Answers on the Map
Answers color-coded by a green-red scale on the quiz's map according to % correct below.
 
Answer Stats
Answer % Correct
Florence
100%
Maricopa
100%
Casa Grande
89%
Coolidge
89%
San Tan Valley
89%
Apache Junction
78%
Queen Creek
78%
Eloy
67%
Hayden
56%
Superior
56%
Arizona City
44%
Kearny
44%
Mammoth
44%
Sacaton
44%
Winkelman
44%
Gold Canyon
33%
Goodyear Village
33%
Saddlebrooke
33%
Sun Lakes
33%
Dudleyville
22%
Oracle
22%
Picacho
22%
Queen Valley
22%
Red Rock
22%
San Manuel
22%
Tat Momoli
22%
Blackwater
11%
Cactus Forest
11%
Campo Bonito
11%
Casa Blanca
11%
Chuichu
11%
Kohatk
11%
Lower Santan Village
11%
Santa Cruz
11%
Stanfield
11%
Stotonic Village
11%
Sweetwater Village
11%
Top-of-the-World
11%
Upper Santan Village
11%
Vaiva Vo
11%
Wet Camp Village
11%
Ak-Chin Village
0%
Sacate Village
0%
Sacaton Flats Village
0%
No matching quizzes found
Score Distribution
Percent of People with Each Score
Percentile by Number Answered
Your Score History
You have not taken this quiz